00436nam a2200145Ia 4500008004100000041000900041082001700050100001700067245004400084260003500128300000800163650000800171999001700179952009400196230718s9999 xx 000 0 und d aEng. a347.9bHEI-A aHeilbson,Q.C 2aA pratical guide in london Arbitriation aPakistanbInforma londonc2008 a356 aLaw c30565d30565 00104070aSIRC-LbSIRC-Ld2023-07-18l0o347.9 HEI-Ap25516r2023-07-18w2023-07-18yBK